Bilecik Bilecik Bilecik Bilecik Bilecik

Temel kimya: moleküller, maddeler ve değişimler=Chemistry: molecules, matter, and change/ (Record no. 36367)

MARC details
000 -BAŞLIK
Sabit Uzunluktaki Kontrol Alanı 01082nam a22003257a 4500
001 - KONTROL NUMARASI
Control Dosyası 0036470
003 - KONTROL NUMARASI KİMLİĞİ
Kontrol Alanı KOHA_MİRAKIL
005 - EN SON İŞLEM TARİHİ ve ZAMANI
Kontrol Alanı 20260207003008.0
007 - FİZİKSEL TANIM SABİT ALAN - GENEL BİLGİ
Sabit uzunluklu kontrol alanı ta
008 - SABİT UZUNLUKTAKİ VERİ ÖGELERİ - GENEL BİLGİ
Sabit Alan 120517b1999 tu |||gr||||#||||0|tur |
020 ## - ISBN - ULUSLARARASI STANDART KİTAP NUMARASI
Isbn 9755560327
Nitelik bilgileri Tk. 9755560335
-- c.1
-- 9755560343
-- c.2
040 ## - KATALOGLAMA KAYNAĞI
Özgün Kataloglama Kurumu TR-BiSEU
Kataloglama Dili tur
Çeviri Kurumu TR-BiSEU
Açıklama Kuralları rda
041 0# - DİL KODU
Metin ya da ses kaydının dil kodu tur
044 ## - YAYINLAYAN/ÜRETEN KURULUŞUN ÜLKE KODU
ISO country code tu
050 ## - SINIFLAMA ve YER NUMARASI
Sınıflama Numarası QD31.2
Yer Numarası .A85 1999
100 1# - KİŞİ ADI
Yazar Adı (Kişi adı) Atkins, Peter.
245 1# - ESER ADI BİLDİRİMİ
Başlık Temel kimya: moleküller, maddeler ve değişimler=Chemistry: molecules, matter, and change/
Sorumluluk Bildirimi Peter Atkins ; Peter Atkins, Loretta Jones; çev. Esma Kılıç, Fitnat Köseoğlu, Hamza Yılmaz.
250 ## - BASIM BİLDİRİMİ
Basım Bildirimi 3. bs.
264 #1 - ÜRERİM, YAYIN, DAĞITIM ve TELİF BİLDİRİMİ
Yayın yeri Ankara :
Yayınlayan Bilim Yayıncılık
Yayın tarihi 1999
300 ## - FİZİKSEL TANIMLAMA
Sayfa, Cilt vb. c.; 27 cm.
336 ## - İÇERİK TÜRÜ
Content type term metin
Content type code txt
Source rdacontent
337 ## - MEDYA TÜRÜ
Media type term aracısız
Media type code n
Source rdamedia
338 ## - TAŞIYICI TÜRÜ
Carrier type term cilt
Carrier type code nc
Source rdacarrier
500 ## - GENEL NOT
Genel Not Kitap; Chemistry: molecules, matter, and change adlı kitapdan çeviridir.
500 ## - GENEL NOT
Genel Not Dizin var.
500 ## - GENEL NOT
Genel Not Kaynakça var.
650 #0 - KONU BAŞLIĞI EK GİRİŞ - KONU TERİMİ
Konusal terim veya coğrafi ad Kimya.
9 (RLIN) 1495
650 #0 - KONU BAŞLIĞI EK GİRİŞ - KONU TERİMİ
Konusal terim veya coğrafi ad Chemistry.
9 (RLIN) 2996
942 ## - EK GİRİŞ ÖGELERİ (KOHA)
Source of classification or shelving scheme Library of Congress Classification
Koha item type Book
Holdings
Materyal Türü Kalıcı Konum Mevcut Konum Raf Yeri Sınıflandırma Kaynağı Edinim Bilgisi Ana Konular Alt Konular Yer Numarası Cilt Bilgisi Demirbaş Numarası Fatura Tarihi Maliyet, Alış Fiyatı Maliyet, Yenileme Fiyatı Geri Çekilme Durumu Kayıp Durumu Hasarlı Durumu Kredi için değil Kayıt Tarih Toplam Ödünçverme Son Görülme Tarihi Son Kontrol Tarihi Genel / Bağış Notu
Book Prof. Dr. Azmi Özcan Kütüphanesi Prof. Dr. Azmi Özcan Kütüphanesi Birûni Salonu Library of Congress Classification Satın BİLİM Kimya QD31.2 .A85 1999 c.2 0036470 23/07/2012 22.43 22.43         30/04/2012 5 05/12/2024 05/12/2024  
Book Prof. Dr. Azmi Özcan Kütüphanesi Prof. Dr. Azmi Özcan Kütüphanesi Birûni Salonu Library of Congress Classification Bağış BİLİM Kimya QD31.2 .A85 1999 c.2 0037382 02/02/2026 22.43 22.43         17/05/2012 4 05/12/2024 05/12/2024 Genel Bağış
Book Prof. Dr. Azmi Özcan Kütüphanesi Prof. Dr. Azmi Özcan Kütüphanesi Birûni Salonu Library of Congress Classification Bağış BİLİM Kimya QD31.2 .A85 1999 c.2 0037383 02/02/2026 22.43 22.43         17/05/2012 7 05/12/2024 05/12/2024 Genel Bağış
Book Prof. Dr. Azmi Özcan Kütüphanesi Prof. Dr. Azmi Özcan Kütüphanesi Birûni Salonu Library of Congress Classification Bağış BİLİM Kimya QD31.2 .A85 1999 c.2 0037384 02/02/2026 22.43 22.43         17/05/2012 7 05/12/2024 05/12/2024 Genel Bağış